[Event "Asia-ch"]
[Site "Kolkata"]
[Date "2001.08.17"]
[Round "11"]
[White "Kostenko, Petr"]
[Black "Yu, Shaoteng"]
[Result "1/2-1/2"]
[WhiteElo "2494"]
[BlackElo "2517"]
[Annotator "Ribli,Z"]
[PlyCount "114"]
[EventDate "2001.08.09"]
[EventType "swiss"]
[EventRounds "11"]
[EventCountry "IND"]
[SourceTitle "CBM 085"]
[Source "ChessBase"]
[SourceDate "2001.11.13"]
[SourceVersion "1"]
[SourceVersionDate "2001.11.13"]
[SourceQuality "1"]

1. c4 Nf6 2. Nc3 e6 3. e4 {Die sogenannte Mikenas Variante führt zu - für die
Englische Eröffnung ungewöhnlich - scharfem Spiel.} d5 4. e5 d4 5. exf6 dxc3 6.
bxc3 Qxf6 7. Nf3 (7. d4 e5 8. Nf3 exd4 9. Bg5 (9. cxd4 Bb4+ $11) 9... Qe6+ 10.
Be2 f6 11. Nxd4 Qf7 12. Bh4 Bc5 $11) 7... e5 8. Bd3 {Diese Fortsetzung ist in
jüngster Zeit sehr populär - Weiß zieht noch nicht d2-d4, sondern strebt
schnelle Figurenentwicklung an.} Na6 9. Qe2 $5 {Das ist eine sonderbare
Fortsetzung. Meiner Meinung nach ist dieser Zug weniger gefährlich für Schwarz
als das gewöhnliche 9.0-0.} (9. O-O Bg4 $5 (9... Nc5 $6 10. Be2 (10. Nxe5 $5
Bd6 $5 (10... Qxe5 11. Re1 Nxd3 12. Rxe5+ Nxe5 13. Qe2 $18) 11. Bc2 Bxe5 12. d4
$14 Bd6 13. dxc5 Bxc5 14. Rb1 $36) 10... e4 11. Nd4 Bd6 12. Nb5 Bd7 13. Nxd6+
Qxd6 $11 {1/2-1/2 Petursson,M-Marciano,D/Andorra 1991/EXT 97 (47)}) (9... Bd6
10. Bc2 {[#]} Bg4 11. d4 Bxf3 {[#]} 12. Qxf3 Qxf3 13. gxf3 O-O-O 14. c5 $1 (14.
Rb1 c5 $1 15. Be4 b6 16. dxe5 Bxe5 17. Rb3 Nb8 18. Be3 Kc7 19. Rfb1 Nc6 20. Bd5
Rd7 21. f4 {1/2-1/2 Gelfand,B-Jussupow,A/Erevan olm 1996}) 14... Bf8 15. c6 (
15. Bg5 f6 16. Be3 exd4 17. cxd4 Nb4 18. Bf5+ Kb8 19. Rfb1 Nd5 20. a4 g6 21.
Be6 Bg7 22. c6 b6 23. a5 {1-0 Suba,M-Pogorelov,R/Berga 1994/EXT 2000 (48)})
15... exd4 16. cxb7+ Kb8 17. cxd4 Nb4 (17... Rxd4 $5 18. Be3 Rb4 19. Be4 Nc5
$13) 18. Be4 Nd5 19. Rb1 Nc3 20. Bg5 f6 (20... Rxd4 $5) 21. Be3 Nxb1 22. Rxb1
$44 {1-0 Khalifman,A-Leitao,R/New Delhi/Theran 2000/CBM 81/[Ribli] (59)}) 10.
Be2 e4 11. Nd4 Bd7 12. f3 Bc5 13. Kh1 Bxd4 14. cxd4 Qxd4 15. Rb1 exf3 16. Rxf3
O-O 17. Bb2 Qh4 18. Rg3 f6 19. d4 Rad8 20. Bc3 $44 {1/2-1/2 Ftacnik,
L-Aleksandrov,A/Herceg Novi YUG 2001/(45)}) 9... Bd6 10. Bc2 (10. O-O Bg4 11.
Be4 Nc5 $11) (10. Be4 O-O 11. d4 exd4 12. cxd4 Bb4+ 13. Kf1 $13) 10... O-O (
10... Bg4 $5) 11. O-O Bf5 $11 {Die schwarzen Figuren sind gut entwickelt.} (
11... Bg4 12. Qe4 Qg6 $11) 12. d4 (12. Bxf5 Qxf5 13. d4 exd4 (13... e4 14. Ng5
Rfe8 15. Re1 $16) 14. cxd4 $11) 12... exd4 13. cxd4 Rfe8 14. Be3 c5 (14... c6
$11) 15. Qd2 $6 {Weiß vermeidet die Fesslung auf der e-Linie, nun aber bekommt
Schwarz die bessere Bauernstruktur.} (15. d5 Nb4 (15... Bxc2 16. Qxc2 Nb4 17.
Qb3 $14) 16. Bxf5 Qxf5 $11) 15... Bxc2 16. Qxc2 cxd4 17. Bxd4 (17. Nxd4 Bc5 $15
(17... Nc5 18. Nb5 $11)) 17... Qg6 18. Qb2 (18. Qxg6 hxg6 $15) 18... b6 $15 {
[%mdl 32] Schwarz hat die bessere Bauernstruktur - der Pc4 ist ein ewiger
Schwachpunkt in der weißen Stellung.} 19. Rad1 Nc5 $6 {Dieser Zug ist zu
optimistisch - der Springer steht zwar gut auf c5, aber Weiß bekommt nun
taktische Gegenchancen.} (19... Rad8 $15) 20. Bxg7 {Dieser Zug führt zu
Vereinfachungen. Die schwarze Bauernstellung am Königsflügel wird deutlich
geschwächt.} Bxh2+ (20... Qxg7 21. Qxg7+ Kxg7 22. Rxd6 Re2 $14) 21. Nxh2 Qxg7
22. Qa3 (22. Qxg7+ Kxg7 $15) 22... Re4 {[%csl Ge4]} 23. Rc1 Kh8 {[%cal Ga8g8,
Gg8g2]} 24. Rc3 {[%cal Gc3h3]} (24. Rfe1 Rg8 25. g3 Qd4 $15) 24... Rh4 25. Rh3
(25. Rg3 $6 Qh6 26. Qc3+ f6 27. Rh3 Rxh3 28. Qxh3 Qxh3 29. gxh3 Rg8+ 30. Kh1
Re8 $17 {[%cal Ge8e2]}) 25... Rxh3 (25... Rg8 $6 26. Rg3 $132) 26. Qxh3 Rg8 {
Schwarz hat Initiative und das bessere Figurenspiel, aber die weiße Stellung
ist verteidigungsfähig.} 27. Rd1 Ne6 {[%csl Rg2][%cal Re6f4,Rf4h3,Rf4g2]} 28.
g3 Qe5 (28... Rc8 $15) 29. Qg2 Qc3 (29... Nf4 30. Qf3 $11) 30. Qf3 Qxf3 31.
Nxf3 $11 {[%mdl 4096] Nach dem Damentausch entsteht eine ausgeglichene
Stellung - die beiderseitigen Schwächen heben sich gegeneinander auf.} Rd8 32.
Rd5 $6 (32. Rxd8+ Nxd8 $11) 32... Kg7 (32... Rxd5 33. cxd5 $11) 33. Kf1 Kf6 34.
Ke2 Rxd5 (34... Re8 35. Re5 $11) 35. cxd5 Nc7 (35... Nc5 $6 36. Ke3 $14) 36. d6
Nb5 {Weiß scheint Probleme zu bekommen, weil er seinen d-Bauern nicht halten
kann. Dafür aber bekommt Weiß Gegenchancen am Königsflügel.} 37. d7 Ke7 38. Kd3
Kxd7 (38... f6 $5 $15 {Nach diesem Zug ist es nicht so leicht für Weiß seine
Gegenchancen unter Beweis zu stellen.}) 39. Ng5 {[%cal Rg5f7,Rg5h7]} Ke7 (39...
f6 40. Nxh7 Ke6 41. g4 $11) 40. Nxh7 f6 41. g4 {Weiß möchte 42.g4-g5 ziehen
und den Springer befreien.} Nd6 42. g5 fxg5 (42... f5 43. g6 $14) 43. Nxg5 a6
44. Ne4 Nb5 {Der Springertausch wäre unlogisch aus schwarzer Sicht.} (44...
Nxe4 45. Kxe4 Ke6 46. Kd4 Kd6 47. f4 b5 48. f5 a5 49. f6 b4 50. Kc4 Ke6 51. Kb5
Kxf6 52. Kxa5 Ke7 53. Kxb4 Kd8 $11) 45. Nc3 Nc7 46. Ke4 Ke6 47. Kd4 (47. f4 b5
$11) 47... Kd6 48. Ke4 b5 49. f4 b4 (49... a5 $11) 50. Na4 Nd5 51. f5 Nc3+ {
Nun ist die Stellung endgültig Remis.} (51... a5 $11) 52. Nxc3 bxc3 53. Kd3 Ke5
54. Kxc3 Kxf5 55. Kb4 Ke6 56. Ka5 Kd7 57. Kxa6 Kc7 1/2-1/2

[Event "Herzliya"]
[Site "Herzliya"]
[Date "1993.??.??"]
[Round "6"]
[White "Beim, Valery"]
[Black "Gofshtein, Leonid D"]
[Result "1-0"]
[WhiteElo "2500"]
[BlackElo "2540"]
[Annotator "Ribli,Z"]
[PlyCount "73"]
[EventDate "1993.11.??"]
[EventType "tourn"]
[EventRounds "11"]
[EventCountry "ISR"]
[EventCategory "10"]
[SourceTitle "CBM 039"]
[Source "ChessBase"]
[SourceDate "1994.04.01"]
[SourceVersion "1"]
[SourceVersionDate "1994.04.01"]
[SourceQuality "1"]

1. c4 e6 2. Nc3 Nf6 3. e4 d5 4. e5 d4 5. exf6 dxc3 6. bxc3 Qxf6 7. d4 c5 (7...
e5 $5) 8. Nf3 h6 (8... cxd4 9. Bg5 $1 $14) 9. Bd3 cxd4 10. cxd4 Bb4+ 11. Kf1 $5
(11. Bd2 Bxd2+ 12. Qxd2 Nc6 13. Qe3 $14) 11... O-O (11... Nc6 12. Bb2 Bc5 13.
Bc2 O-O 14. Qd3 Rd8 15. Rd1 $14 {Seirawan,Y-Kortchnoi,V/Wijk aa Zee/1980/INF29,
39/}) 12. Bc2 Qd8 13. h4 Nc6 14. Bb2 (14. Qd3 f5 15. d5 Ne7 16. Bb2 $36) 14...
Be7 15. Qe2 Nb4 16. Bb1 Bd7 17. g4 Qc7 18. a3 Nc6 19. g5 Qf4 (19... hxg5 $2 20.
hxg5 g6 21. d5 $18) 20. Rg1 e5 21. d5 Bh3+ $2 (21... Nd4 22. Nxd4 exd4 23. Qd3
$36) 22. Ke1 Nd4 23. Nxd4 exd4 24. Qd3 $1 Bb4+ 25. axb4 Rfe8+ 26. Kd1 Bg4+ 27.
Rxg4 $1 Qxg4+ 28. Kc2 Re2+ (28... Qe2+ 29. Kb3 Qxd3+ 30. Bxd3 $18) 29. Kb3 Rxf2
30. Qh7+ Kf8 31. Bd3 Rxb2+ 32. Kxb2 Qg2+ 33. Bc2 Qd2 34. Ra3 Re8 35. d6 $1
Qxb4+ 36. Rb3 Qxd6 37. Rxb7 1-0

[Event "WchT 3rd"]
[Site "Luzern"]
[Date "1993.??.??"]
[Round "7.4"]
[White "Thorsteins, Karl"]
[Black "Li, Wenliang"]
[Result "1/2-1/2"]
[WhiteElo "2495"]
[BlackElo "2330"]
[Annotator "Ribli,Z"]
[PlyCount "71"]
[EventDate "1993.10.24"]
[EventType "team-tourn"]
[EventRounds "9"]
[EventCountry "SUI"]
[SourceTitle "CBM 038"]
[Source "ChessBase"]
[SourceDate "1994.02.01"]
[SourceVersion "1"]
[SourceVersionDate "1994.02.01"]
[SourceQuality "1"]
[WhiteTeam "Iceland"]
[BlackTeam "China"]
[WhiteTeamCountry "ISL"]
[BlackTeamCountry "CHN"]

1. c4 Nf6 2. Nc3 e6 3. e4 d5 4. e5 d4 5. exf6 dxc3 6. bxc3 Qxf6 7. Nf3 c5 8. d4
cxd4 9. cxd4 $6 (9. Bg5 $1 $14 {Uhlmann,W-Fuchs,R/DDR/1979/INF27,33/}) 9...
Bb4+ (9... Nc6 10. a3 $14 {Kasparov,G-Weemaes,R/Cannes/1988/CBM6/}) 10. Bd2
Bxd2+ 11. Qxd2 b6 (11... Nc6 $5) 12. Be2 Bb7 13. O-O O-O 14. Rfd1 Rd8 15. Qe3
Nc6 16. Rab1 (16. d5 $2 exd5 17. cxd5 Ne7 $17) (16. Rac1 $5) 16... Ne7 17. Ne5
Nf5 18. Qf4 g5 19. Ng4 gxf4 20. Nxf6+ Kg7 21. Nh5+ Kh6 22. d5 (22. Nxf4 Nxd4
$15) 22... e5 (22... exd5 23. Nxf4 dxc4 24. Bxc4 Kg7 $10) 23. Nf6 Kg7 24. Ne4
Nd4 25. Bf1 Rac8 26. Nd2 Ba6 27. Rdc1 Rc7 28. Re1 f6 29. Bd3 Ne6 30. Nb3 Nc5
31. Bf1 Bc8 32. g3 fxg3 33. hxg3 Bf5 34. Nxc5 Rxc5 35. Rb3 Ra5 36. a3 1/2-1/2

[Event "Biel"]
[Site "Biel"]
[Date "1994.??.??"]
[Round "7"]
[White "Landenbergue, Claude"]
[Black "Masserey, Yvan"]
[Result "1/2-1/2"]
[WhiteElo "2450"]
[BlackElo "2300"]
[Annotator "Ribli,Z"]
[PlyCount "65"]
[EventDate "1994.07.??"]
[EventType "tourn"]
[EventRounds "11"]
[EventCountry "SUI"]
[EventCategory "10"]
[SourceTitle "CBM 043"]
[Source "ChessBase"]
[SourceDate "1994.12.01"]
[SourceVersion "1"]
[SourceVersionDate "1994.12.01"]
[SourceQuality "1"]

1. c4 Nf6 2. Nc3 e6 3. e4 d5 4. e5 d4 5. exf6 dxc3 6. bxc3 Qxf6 7. d4 e5 8. Nf3
exd4 9. Bg5 Qe6+ 10. Be2 f6 11. Nxd4 Qf7 12. Bf4 Bc5 (12... c6 $2 13. Bg4 $1
Na6 14. Bxc8 Rxc8 15. O-O $16 {Renet,O-van Gisbergen,S/Groningen op/INF57,(17)/
}) 13. Nb3 (13. O-O O-O 14. Nb5 Na6 $10 {Schwartzman,G-Timoshenko,G/Bucharest
ENE/1993/CBM40/INF59,20/}) 13... Ba3 (13... Na6 14. Nxc5 Nxc5 15. Be3 $14) 14.
O-O O-O 15. Bf3 (15. Qd5 c6 16. Qa5 (16. Qxf7+ $5 $10) 16... Bb2 17. Rab1 b6
18. Qb4 Na6 19. Qa4 Bxc3 20. Bf3 Bb7 21. Rbc1 $10) 15... c6 16. Qd4 Na6 17. c5
Be6 18. Bd6 Rfd8 19. Qe3 (19. Qa4 Bb2 20. Rab1 Bxc3 21. Rbc1 Bb2 22. Rb1 Be5 (
22... Bc3 $10) 23. Na5 $44) 19... Re8 20. Qd4 Rad8 21. Qa4 Bb2 22. Rab1 Bxc3
23. Rbc1 Bb2 (23... Be5 24. Bxc6 bxc6 25. Bxe5 Bxb3 26. axb3 Nxc5 27. Rxc5 Rxe5
28. Rxc6 $10) 24. Rb1 Be5 25. Na5 Bxd6 26. cxd6 Nc5 27. Qa3 b6 28. Nxc6 Rxd6
29. Rfe1 Bf5 30. Ra1 Be4 (30... a5 31. Nxa5 $10) (30... a6 31. Qb4 $13) 31.
Bxe4 Rxe4 32. Rxe4 Nxe4 33. Qxa7 1/2-1/2

[Event "Dresden zt 1.2"]
[Site "Dresden"]
[Date "1998.05.02"]
[Round "5"]
[White "Milov, Vadim"]
[Black "Dizdar, Goran"]
[Result "0-1"]
[WhiteElo "2635"]
[BlackElo "2530"]
[Annotator "Ribli,Z"]
[PlyCount "78"]
[EventDate "1998.04.28"]
[EventType "swiss"]
[EventRounds "11"]
[EventCountry "GER"]
[SourceTitle "CBM 065"]
[Source "ChessBase"]
[SourceDate "1998.08.06"]
[SourceVersion "1"]
[SourceVersionDate "1998.08.06"]
[SourceQuality "1"]

1. c4 e6 2. Nc3 Nf6 3. e4 d5 4. e5 d4 5. exf6 dxc3 6. bxc3 Qxf6 7. Nf3 {
Dieser Zug genießt heutzutage den Vorzug gegenüber seiner Alternative 7.d4,
wonach Schwarz 7...e5!? ziehen kann. Ribli.} e5 8. Bd3 {Weiß spielt (noch)
nicht d2-d4, sondern strebt nach schneller Figurenentwicklung.} Na6 {[%cal
Ga6c5] Der schwarze Springer strebt nach c5.} (8... Bd6 9. O-O Nc6 (9... c6 10.
Re1 $1) 10. Rb1 $5 (10. Re1 O-O 11. Qc2 h6 12. Bh7+ (12. Be4 Be6 $1 (12... Bd7
13. Bb2 Rae8 14. d4 b6 15. Rad1 $14 {Weiß erlangt das bessere Figurenspiel und
hat ein starkes Zentrum errichtet.}) 13. Rb1 Rab8 14. d3 Bf5 $1 $11) 12... Kh8
13. Be4)) 9. O-O Bd6 10. Bc2 (10. Re1 $5 O-O 11. Qc2 (11. Nxe5 Bxe5 (11... Re8
12. Nf3 Bg4 $44) 12. Qh5 Bxh2+ 13. Qxh2 Bf5 $11) 11... Kh8 12. Be4 (12. Bxh7 g6
$17) 12... Nc5 $11 13. d4 Nxe4 14. Qxe4 exd4 15. cxd4 c6 16. Bg5 Qf5 17. Qxf5
Bxf5 18. Be7 $5 Bxe7 19. Rxe7 {1/2-1/2 Miles,A-Oll,L/Maroczy mem 1997 (25)}) (
10. Ba3 Bg4 11. Bxd6 Qxd6 12. Qa4+ Kf8 (12... c6 13. Nxe5 $1 Nc5 14. Qa3 {
[%csl Ga3][%cal Ga3d6]} Qxe5 (14... Be6 15. Rfe1 $16) 15. Rae1 Nxd3 16. Rxe5+
Nxe5 17. Re1 $18 {[%cal Re1e8]}) 13. Be4 Nc5 14. Qc2 Re8 (14... Rd8 15. d4 Bxf3
16. Bxf3 exd4 17. cxd4 Qxd4 18. Rad1 $36 {[%csl Rf8]}) 15. Rfe1 g6 16. h3 (16.
d4 $6 exd4 17. cxd4 Nxe4 18. Rxe4 Bxf3 $15) 16... Bd7 17. d4 $11 exd4 18. cxd4
Nxe4 19. Rxe4 Kg7 20. Ree1 b6 {1/2-1/2 Milos,G-Tal,M/Buenos Aires Najdorf 1991/
CBM 24/[Ribli]}) 10... Bg4 (10... O-O 11. d4 exd4 12. cxd4 Bf5 13. Rb1 Rab8 14.
Bg5 Qg6 15. Bxf5 Qxf5 16. Re1 h6 17. Bh4 c5 {Hauchard,A-Levacic,D/FRA-chT 1993/
1/2-1/2 (65)}) 11. d4 (11. Rb1 O-O-O 12. d4 Bxf3 13. Qxf3 Qxf3 14. gxf3 $11)
11... Bxf3 (11... O-O-O 12. Be4 Bxf3 13. Bxf3 c6 14. Rb1 exd4 15. cxd4 Rhe8 16.
Qa4 Re7 17. Bg4+ {1-0 Vanderwaeren,S-Praet,M/BEL-ch 1996}) 12. Qxf3 Qxf3 13.
gxf3 exd4 $146 {Eine interessante Idee. Schwarz rochiert nicht, sondern nimmt
sofort den Kampf gegen das weiße Zentrum auf. Im Folgendem blockiert er mit ...
c7-c5.} (13... O-O-O 14. Rb1 (14. Re1 $2 exd4 15. cxd4 Bb4 $17 {[%csl Rd4]
[%cal Rb4e1,Rb4c3,Rc3a1,Rc3d4]}) 14... c5 15. Be4 b6 16. dxe5 Bxe5 17. Rb3 Nb8
18. Be3 Kc7 19. Rfb1 Nc6 20. Bd5 Rd7 21. f4 {1/2-1/2 Gelfand,B-Jussupow,A/
Erevan olm 1996/EXT 96ch2}) 14. Re1+ (14. cxd4 c5 15. Rb1 O-O-O $11) 14... Kd8
{Der König findet auf c7 einen ruhigen Platz.} 15. Be4 (15. cxd4 c5 16. Be4 Kc7
17. Rb1 Rab8 $11) 15... Rb8 $5 (15... Re8 16. cxd4 $14 (16. Bg5+ f6 17. Bxb7
Rxe1+ (17... Rb8) 18. Rxe1 Rb8 19. Bxa6 fxg5 20. cxd4 $14)) 16. cxd4 c5 17. Be3
(17. Bb2 Kc7 18. dxc5 Nxc5 $11 {[%csl Gc5]} 19. Bxg7 $4 Rhg8 $19 {[%cal Rg8g1]}
) 17... Kc7 $11 {Weiß besitzt das Läuferpaar, aber die schwarze Stellung ist
fest und die weißen Doppelbauern in der f-Linie sind eine potentielle Schwäche.
} 18. Rab1 (18. Kg2) 18... Rhd8 {Der schwarze Springer steht ein wenig passiv
auf a6, aber er kontrolliert den wichtigen Punkt c5.} 19. d5 {Die schwarze
Drohung war 19...cxd4 nebst 20...Bxh2+ oder 19...cxd4 gefolgt von 20...Nc5.} (
19. Rb5 b6 (19... cxd4 20. Bxd4 Bxh2+ 21. Kxh2 Rxd4 22. Bxb7 $13 Rxb7 $2 23.
Re7+ {[%cal Re7b7,Rb5b7]})) (19. Kg2) 19... b6 20. f4 Re8 21. Bd2 Re7 $6 {
Schwarz möchte seine Türme verdoppeln, aber es wäre wohl besser gewesen,
zunächst den Königsflügel zu sichern.} (21... g6 $5 $11) 22. Bxh7 $5 $13 Rxe1+
(22... g6 {[%csl Rh7]} 23. Bc3 {[%cal Gc3h8]} (23. Rxe7+ Bxe7 24. f5 Rh8 25.
Re1 (25. fxg6 fxg6 26. Bxg6 Rg8 $17 {[%cal Rg8g1]}) 25... Bd6 26. fxg6 fxg6 27.
Bxg6 Rg8 28. Re6)) 23. Rxe1 Rh8 24. Bb1 (24. Bd3 Nb4 25. Bb1 Rh4 26. a3 $5 (26.
Bxb4 $6 cxb4 $11 {[%csl Rb1,Gd6,Rf2,Rf4,Rh2,Gh4]})) 24... Rh4 {[%csl Gh4]
Schwarz erlangt Gegenspiel am Königsflügel, denn der weiße f4-Bauer ist kaum
zu halten.} 25. Re4 Nb8 {Schwarz plant ...Nb8-d7, um den Springer ins Spiel zu
bringen.} (25... f5 26. Re6 $16 {[%csl Ge6]}) 26. Re8 Bxf4 {Dieser Zug
verliert eigentlich eine Figur, aber Schwarz bekommt eine gefährliche
Bauernlawine am Damenflügel.} (26... Nd7 27. Ra8 (27. Bf5 Bxf4 (27... Nf6) 28.
Re7 (28. Bxf4+ Rxf4 $11 {[%csl Gf4]}) 28... Bxd2 29. Rxd7+ Kb8 30. Rxf7 $14 {
[%csl Gd5,Gf5,Gf7]}) 27... Kb7 28. Rg8 Bxf4 29. Bxf4 Rxf4 30. Rxg7 Ne5 $14 {
[%csl Ge5,Gf4]}) 27. Bxf4+ Rxf4 28. d6+ Kxd6 (28... Kb7 29. Be4+ Nc6 (29... Ka6
30. Rxb8 Rxe4 31. d7 $18) (29... Rxe4 30. Rxe4 $18) 30. Re7+ $18) 29. Rxb8 Rxc4
{[%csl Ga7,Rb1,Gb6,Gc5,Gd6] Schwarz hat lediglich zwei Bauern für die Figur,
aber der weiße Läufer steht recht unglücklich.} 30. Kg2 $2 (30. Rd8+ Ke5 31.
Rd1 $5 $14) 30... Rb4 $132 {[%csl Rb1,Gb4]} 31. Bc2 c4 $15 32. Rc8 $2 (32. Kf3
Rb2 33. Be4 Rxa2 34. Ke3 $15) 32... b5 33. a4 $4 (33. Bh7 $142 Rb2 34. a4 {
[%csl Rc4]} a6 35. Ra8 {Milov}) 33... bxa4 $1 $19 {[%csl Ga4,Gb4,Rc2,Gc4][%cal
Ra4a3,Ra3a2,Ra2a1] Mit der Unterstützung durch den Turm sind die beiden
schwarzen Freibauern für den Anziehenden tödlich.} (33... Rb2 34. Bd1) 34. Ra8
a3 35. Rxa7 Rb2 $19 36. Be4 (36. Rxa3 Rxc2 $19 {Und der schwarze c-Bauer
entscheidet die Partie.}) (36. Bh7 a2 37. Bg8 c3 38. Bxf7 c2 $19) 36... a2 37.
Kf3 c3 38. Ke3 c2 39. Kd2 (39. Bxc2 Rxc2 40. h4 Kc5 $19) 39... Rb1 {Weiß gab
auf.} (39... Rb1 40. Rxa2 (40. Bxc2 a1=Q 41. Rxa1 Rxa1 $19) 40... c1=Q+ $19)
0-1

[Event "RUS-ch U20"]
[Site "Cheboksary"]
[Date "2006.03.08"]
[Round "7"]
[White "Tomashevsky, Evgeny"]
[Black "Iljin, Artem"]
[Result "1-0"]
[WhiteElo "2586"]
[BlackElo "2510"]
[Annotator "Ribli,Z"]
[PlyCount "61"]
[EventDate "2006.03.02"]
[EventType "tourn"]
[EventRounds "11"]
[EventCountry "RUS"]
[EventCategory "11"]
[SourceTitle "CBM 112"]
[Source "ChessBase"]
[SourceDate "2006.06.07"]
[SourceVersion "1"]
[SourceVersionDate "2006.06.07"]
[SourceQuality "1"]

1. c4 Nf6 2. Nc3 e6 3. e4 d5 4. e5 d4 5. exf6 dxc3 6. bxc3 Qxf6 7. d4 {Diese
traditionelle Fortsetzung ist heutzutage wieder populär; vor ein paar Jahren
spielte man diese Variante ohne d2-d4, mit 7.Nf3 e5 8.Bd3 und später d2-d4.} c5
{Dieser Zug ist logisch, aber meiner Meinung nach bietet die Alternative 7...
e5 Schwarz mehr Ausgleichschanchen.} 8. Nf3 h6 (8... cxd4 9. Bg5 $1 Qf5 10.
cxd4 Bb4+ 11. Bd2 Bxd2+ (11... Qa5 12. Rb1 Bxd2+ 13. Qxd2 Qxd2+ 14. Kxd2 $14)
12. Qxd2 $14 {[%csl Rf5][%cal Gf1d3]}) 9. Bd3 cxd4 10. cxd4 Bb4+ 11. Bd2 {
Das ist die natürliche Fortsetzung, aber Seirawans alter Zug 11.Kf1!? ist auch
gut spielbar.} (11. Kf1 $5 Nc6 12. Bb2 Bc5 (12... O-O 13. Qe2 Qd8 14. Rd1 $36)
13. Bc2 O-O 14. Qd3 Rd8 15. Rd1 Kf8 16. Qe4 Bd6 17. h4 $14 {Seirawan,
Y-Kortschnoj,V/Wijk 1980 1-0 (39)}) 11... Bxd2+ 12. Qxd2 Nc6 (12... O-O 13. O-O
Rd8 14. Rae1 $5 $146 {[%cal Ge1e4,Ge4f4]} (14. Qe3 $5 Nc6 15. Rad1) 14... Nc6
15. Re4 g6 $5 16. Qxh6 Nxd4 17. Nxd4 Rxd4 18. Rxd4 (18. Qe3 $5 Rd8 19. h4 $36 {
[%cal Gh4h5]}) 18... Qxd4 19. Rd1 Bd7 $8 {1/2-1/2 Oratovsky,M-Kruppa,Y/
Budapest 1999/EXT 2000/[Oratovsky,M] (25)}) 13. Qe3 (13. Be4 Bd7 14. O-O O-O
15. Rab1 Rab8 16. Rfe1 (16. Bxc6 Bxc6 17. Ne5 Rfd8 $11) 16... Rfd8 17. d5 exd5
18. cxd5 Bf5 19. Qe3 Bxe4 20. Qxe4 {1-0 Chilingirova,P-Dambravaite,R/Manila
1992/TD 92\07 (25)}) 13... O-O 14. O-O Bd7 (14... Rd8 15. Rad1 Bd7 (15... b6 $2
16. Qe4 Bb7 17. Qh7+ Kf8 18. Be4) 16. Rfe1 $36) 15. Rfe1 $14 {[%csl Gc4,Gd4]
[%cal Ge1e8] Die starke Zentrumstellung von Weiß bietet nachhaltige Initiative.
} Rfd8 16. Be4 Be8 17. Rad1 Rd6 18. d5 {Mit diesem typischem Durchbruch
bekommt Weiß gefährliche Initiative. Das Hauptproblem für Schwarz ist sein
mangelndes Gegenspiel und seine passive Stellung.} exd5 (18... Ne7 19. dxe6
Rxe6 (19... Rxd1 20. exf7+ $16) 20. Nd4 $16) 19. cxd5 Ne7 20. Ne5 $1 $16 {
[%csl Gd5,Rd6][%cal Ge5c4,Gd1d8,Ge1e8][%mdl 2048] Weiß hat ausgezeichnete
Figurenspiel - seine Drohung ist 21.Nc4.} Bb5 21. Qc5 Rb6 (21... a6 22. Ng4 Qf4
23. g3 b6 24. Qb4 $18) 22. d6 Ng6 23. Bxg6 fxg6 24. d7 $18 {[%csl Gd7] Der
d-Freibauer entscheidet die Partie.} Rd8 25. a4 {Auf diese Weise verjagt Weiß
den Läufer von b5.} Ba6 (25... Bxa4 26. Qc4+ $18) (25... Bc6 26. Nxc6 Rxc6 27.
Re8+ Kh7 28. Qd5 $18) 26. Nxg6 $1 {[%mdl 64] Mit diesem schönem Zug gewinnt
Weiß einen Bauern mit überlegener Stellung.} (26. Qc7 $18) 26... Kh7 (26...
Qxg6 27. Qc8 $18 {[%csl Gd7][%cal Rc8g8]} (27. Qe7 $18)) 27. Ne5 (27. Nf8+ $5
Rxf8 28. Re8 Rd6 29. Qc2+ Bd3 30. Rxd3 $18) 27... Re6 28. Qd5 (28. Qc7) 28...
Re7 29. h3 b6 30. Qe4+ Kg8 31. Ng4 {[%cal Re1e7,Rg4f6,Rf6g8]} 1-0

[Event "Linares 09th"]
[Site "Linares"]
[Date "1991.??.??"]
[Round "4"]
[White "Karpov, Anatoly"]
[Black "Jussupow, Artur"]
[Result "1/2-1/2"]
[WhiteElo "2725"]
[BlackElo "2605"]
[Annotator "Ribli,Z"]
[PlyCount "136"]
[EventDate "1991.02.??"]
[EventType "tourn"]
[EventRounds "13"]
[EventCountry "ESP"]
[EventCategory "17"]
[SourceTitle "CBM 022"]
[Source "ChessBase"]
[SourceDate "1991.06.01"]
[SourceVersion "1"]
[SourceVersionDate "1991.06.01"]
[SourceQuality "1"]

1. c4 e6 2. Nc3 Nf6 3. e4 d5 4. e5 d4 5. exf6 dxc3 6. bxc3 Qxf6 7. d4 e5 (7...
c5 8. Nf3 Qd8 $2 9. Bd3 $14 {Mascarinas,R-Juarez Flores,C Manila izt 1990 CBM/
19}) 8. Nf3 (8. Qe2 Be7 9. dxe5 Qg6 10. Nh3 $2 Bxh3 11. gxh3 Nc6 12. Bf4 Rd8
13. Qe3 Nb4 $1 14. cxb4 Bxb4+ 15. Ke2 Bd2 16. Qg3 Qe4+ 17. Be3 Qxc4+ 18. Kf3
Qc6+ 19. Ke2 Bxe3 20. fxe3 Qxh1 21. Qxg7 Rf8 22. Rc1 Rd7 $19 {Nikolic,
Pr-Yusupov,A Hastings 1989/90 49/19}) 8... exd4 9. Bg5 Qe6+ 10. Be2 Be7 11.
cxd4 Bxg5 12. Nxg5 Qe7 13. Qd2 O-O 14. O-O h6 (14... Nd7 15. Rfe1 Nf6 16. Bd3
Qd6 17. c5 $14 {Christiansen-Lein Philadelphia 1990 49/19}) 15. Nf3 Bg4 $5 16.
Rfe1 Nc6 17. h3 Bxf3 18. Bxf3 Qf6 19. Re4 Rad8 20. Rd1 b6 21. Qe3 Na5 22. Rc1
Rd7 23. h4 $1 Qd8 24. h5 Nc6 25. d5 Ne7 26. Rg4 f5 27. Rf4 Nc8 28. c5 $1 bxc5
29. Qxc5 Nb6 30. Rd4 Rf6 31. a4 $1 Rfd6 32. Rcd1 Re7 33. a5 Nd7 34. Qxa7 Ne5
35. Qc5 (35. Be2 $1) 35... Nxf3+ 36. gxf3 Qe8 37. Rh4 Red7 38. Qc4 Qa8 39. Qc3
Rxd5 40. Rxd5 Qxd5 41. a6 Qa2 42. Qc4+ Qxc4 43. Rxc4 Rd1+ 44. Kg2 Ra1 45. Rc6
Kf8 46. f4 Ra3 47. Kf1 Ra2 48. Ke1 Ke8 49. Kd1 Kd8 50. Rg6 c5 51. Kc1 Kc7 52.
Rxg7+ Kb6 53. Rg6+ Ka7 54. Rc6 Rxf2 55. Rxc5 Rxf4 56. Rc6 Rg4 57. Kd2 Rg5 58.
Rxh6 f4 59. Ke2 f3+ 60. Kxf3 Rc5 61. Rh8 Rg5 62. Ke4 Rc5 63. Kf4 Rc4+ 64. Ke5
Rc5+ 65. Ke6 Rg5 66. Kf7 Rc5 67. Rh7 Kxa6 68. h6 Rc7+ 1/2-1/2